|
|
|
|
| LEADER |
00000nmm0a2200000 4500 |
| 001 |
25147 |
| 005 |
20231030200635.0 |
| 010 |
|
|
|a 5272003381
|
| 035 |
|
|
|a (RuTPU)RU\TPU\book\25383
|
| 035 |
|
|
|a BOOK00025458
|
| 090 |
|
|
|a 25147
|
| 100 |
|
|
|a 20011209d2001 m y0rusy50 ca
|
| 101 |
0 |
|
|a rus
|
| 102 |
|
|
|a RU
|a UA
|a BY
|
| 105 |
|
|
|a a j 001zy
|
| 200 |
1 |
|
|a Основы Web-мастерства
|e Учебный курс
|f В. Холмогоров
|g гл. ред. В. Устинов
|
| 210 |
|
|
|a СПб.
|c Питер
|d 2001
|a Москва
|a Харьков
|a Минск
|
| 215 |
|
|
|a 352 с.
|c ил.
|e Приложение: CD-ROM
|
| 225 |
1 |
|
|a Учебный курс
|
| 320 |
|
|
|a Алф. указ.: с. 347-350.
|
| 330 |
|
|
|a В этой книге сделана попытка объединить под одной обложкой справочное издание по основам сетевых технологий с самоучителем по web-дизайну. По мере знакомства с предлагаемым материалом читатель не только узнает об истории развития, структуре и базовых принципах функционирования Интернета, но и овладеет основными приемами создания web-узлов, а также получит множество практических советов по web-дизайну. Уже на начальном этапе изучения этой книги, руководствуясь приведенными в тексте примерами, он сможет создать и опубликовать в Интернете собственную домашнюю страничку, которая по мере ознакомления с новыми разделами может превратиться в полнофункциональный web-сайт. Эта книга — универсальное пособие для начинающих пользователей Всемирной сети, желающих освоить полезную, популярную и увлекательную профессию web-мастера.
|
| 610 |
1 |
|
|a программирование
|
| 610 |
1 |
|
|a вычислительные сети
|
| 610 |
1 |
|
|a сетевые технологии
|
| 610 |
1 |
|
|a Web-страницы
|
| 610 |
1 |
|
|a Web-дизайн
|
| 610 |
1 |
|
|a Интернет
|
| 610 |
1 |
|
|a Internet
|
| 610 |
1 |
|
|a учебные пособия
|
| 610 |
1 |
|
|a CD-ROM
|
| 675 |
|
|
|a 681.324(07)
|v 3
|
| 700 |
|
1 |
|a Холмогоров
|b В.
|g Валентин
|
| 702 |
|
1 |
|a Устинов
|b В.
|4 651
|
| 801 |
|
0 |
|a RU
|b 63413507
|c 20011209
|g PSBO
|
| 801 |
|
2 |
|a RU
|b 63413507
|c 20030924
|g PSBO
|
| 801 |
|
2 |
|a RU
|b 63413507
|c 20150408
|g PSBO
|
| 942 |
|
|
|c MX
|